| 000 | 00334 a2200133 4500 | ||
|---|---|---|---|
| 001 | 91625 | ||
| 082 | _aPR 1590 | ||
| 090 |
_c43780 _d43779 |
||
| 100 | _aMuddassir Ahmed | ||
| 245 |
_aThe Performance Measurement of Local Area Network _n53 "B" EC |
||
| 260 |
_aRawalpindi _bNUST _c2001 |
||
| 300 | _a64p | ||
| 500 | _aBE Project Reports | ||
| 942 |
_aCAE NUST _kPR 1590 |
||
| 999 |
_c326698 _d326698 |
||